COMPREHENSIBLE VIVA AND PRACTICAL BIOCHEMISTRY (Record no. 2604)

MARC details
000 -LEADER
fixed length control field 00378nam a2200145Ia 4500
008 - FIXED-LENGTH DATA ELEMENTS--GENERAL INFORMATION
fixed length control field 150201s2002 xx 000 0 und d
082 ## - DEWEY DECIMAL CLASSIFICATION NUMBER
Classification number 612.015
Item number V2002D
100 ## - MAIN ENTRY--PERSONAL NAME
Personal name DEB,A.C.
245 ## - TITLE STATEMENT
Title COMPREHENSIBLE VIVA AND PRACTICAL BIOCHEMISTRY
250 ## - EDITION STATEMENT
Edition statement 2ND
260 ## - PUBLICATION, DISTRIBUTION, ETC. (IMPRINT)
Name of publisher, distributor, etc. NEW CENTRAL BOOK AGENCY
Place of publication, distribution, etc. CALCUTTA
Date of publication, distribution, etc. 2002
300 ## - PHYSICAL DESCRIPTION
Extent Jan-92
650 ## - SUBJECT ADDED ENTRY--TOPICAL TERM
Topical term or geographic name as entry element BIOCHEMISTRY
942 ## - ADDED ENTRY ELEMENTS (KOHA)
Source of classification or shelving scheme Dewey Decimal Classification
Koha item type Books
Holdings
Withdrawn status Lost status Source of classification or shelving scheme Damaged status Not for loan Home library Current library Date acquired Source of acquisition Cost, normal purchase price Serial Enumeration / chronology SGTU Bill Number Total Checkouts Full call number Barcode Date last seen Date last checked out Bill Date Koha item type
    Dewey Decimal Classification     SGT Dental Library SGT Dental Library 13/07/2003 U.B.S.DELHI 125.00 1 SGTU 279 2 612.015 V2002D FD646 05/06/2026 25/05/2026 02/02/2012 Books
    Dewey Decimal Classification     SGT Dental Library SGT Dental Library 13/07/2003 U.B.S.DELHI 125.00 1 SGTU 279   612.015 V2002D FD647 09/02/2015   02/02/2012 Books
    Dewey Decimal Classification     SGT Dental Library SGT Dental Library 13/07/2003 U.B.S.DELHI 125.00 1 SGTU 279 7 612.015 V2002D FD648 03/06/2026 25/05/2026 02/02/2012 Books
    Dewey Decimal Classification     SGT Dental Library SGT Dental Library 13/07/2003 U.B.S.DELHI 125.00 1 SGTU 279   612.015 V2002D FD649 09/02/2015   02/02/2012 Books
    Dewey Decimal Classification     SGT Dental Library SGT Medical Library 13/07/2003 U.B.S.DELHI 125.00 1 SGTU 279 1 612.015 V2002D FD650 18/04/2025 18/04/2025 02/02/2012 Books